书目信息 |
| 题名: |
阿尔泰旅游地理
|
|
| 作者: | 少净 , 琼瑶 著 | |
| 分册: | ||
| 出版信息: | 乌鲁木齐 新疆美术摄影出版社 2009.03 |
|
| 页数: | 172页 | |
| 开本: | 21cm | |
| 丛书名: | 新疆地理旅游文化丛书 | |
| 单 册: | ||
| 中图分类: | K924.53 | |
| 科图分类: | ||
| 主题词: | ||
| 电子资源: | ||
| ISBN: | 978-7-80658-876-5 | |
| 000 | 00934nam 2200277 450 | |
| 001 | 0953669772 | |
| 005 | 20091026145648.48 | |
| 010 | @a978-7-80658-876-5@dCNY29.60 | |
| 100 | @a20090901d2009 ekmy0chiy0121 ea | |
| 101 | 0 | @achi |
| 102 | @aCN@b650000 | |
| 105 | @ay z 000yy | |
| 200 | 1 | @a阿尔泰旅游地理@Aa er tai lv you di li@f少净, 琼瑶著 |
| 205 | @a3版 | |
| 210 | @a乌鲁木齐@c新疆美术摄影出版社@c新疆电子音像出版社@d2009.03 | |
| 215 | @a172页@d21cm | |
| 225 | 2 | @a新疆地理旅游文化丛书@Axin jiang di li cong shu |
| 330 | @a本书介绍了阿尔泰的自然地理、历史沿革、物产资源、人口民族、宗教信仰、对外口岸、市县风采、山川名胜、文化、文物古迹等。 | |
| 333 | @a广大读者 | |
| 410 | 0 | @12001 @a新疆地理旅游文化丛书 |
| 607 | @a阿勒泰市@Aa le tai shi@x概况 | |
| 690 | @aK924.53@v4 | |
| 701 | 0 | @a少净@Ashao jing@4著 |
| 701 | 0 | @a琼瑶@Aqiong yao@4著 |
| 801 | 0 | @aCN@b海天@c20091026 |
| 905 | @dK924.53@eS320=2@fK924.53/S3201 | |
| 阿尔泰旅游地理/少净, 琼瑶著.-3版.-乌鲁木齐:新疆美术摄影出版社:新疆电子音像出版社,2009.03 |
| 172页;21cm.-(新疆地理旅游文化丛书) |
| 使用对象:广大读者 |
| ISBN 978-7-80658-876-5:CNY29.60 |
| 本书介绍了阿尔泰的自然地理、历史沿革、物产资源、人口民族、宗教信仰、对外口岸、市县风采、山川名胜、文化、文物古迹等。 |
| ● |
| 相关链接 |
|
|
|
正题名:阿尔泰旅游地理
索取号:K924.53/S320=2
 
预约/预借
| 序号 | 登录号 | 条形码 | 馆藏地/架位号 | 状态 | 备注 |
| 1 | 658146 | 206581466 | 自科二线404/400A自科库 6排3列1层/ [索取号:K924.53/S320=2] | 在馆 | |
| 2 | 658147 | 206581475 | 自科二线404/400A自科库 6排3列1层/ [索取号:K924.53/S320=2] | 在馆 | |
| 3 | 658148 | 206581484 | 自科二线404/400A自科库 6排3列1层/ [索取号:K924.53/S320=2] | 在馆 |